| 000 | 00696nam a2200265Ia 4500 | ||
|---|---|---|---|
| 008 | 170203s9999 xx 000 0 und d | ||
| 020 | _a0-395304482 | ||
| 050 | _aFic | ||
| 050 | _b.A416j 1981 | ||
| 100 | _aAllsburg, Chris Van | ||
| 245 | _aJumanji / | ||
| 245 | _c written and illustrated by Chris Van Allsburg. | ||
| 260 | _aBoston : | ||
| 260 | _bHoughton Mifflin Co., | ||
| 260 | _c1981 | ||
| 300 | _a31 unnumbered pages : | ||
| 300 | _billustrations ; | ||
| 300 | _c26 x 29 cm | ||
| 650 | _aBoard games -- | ||
| 650 | _aBrothers and sisters -- | ||
| 650 | _aPlay -- | ||
| 650 | _xJuvenile fiction. | ||
| 650 | _xJuvenile fiction. | ||
| 650 | _xJuvenile fiction. | ||
| 999 |
_c306189 _d306189 |
||